| 000 | 00000nam 2200000zi 4500 |
| 001 | 9.866413 |
| 003 | CaOODSP |
| 005 | 20221107162035 |
| 006 | m o d f |
| 007 | cr ||||||||||| |
| 008 | 181227s2018||||onc||||#o f|0| 0 eng d |
| 020 | |a9780660291185 |
| 040 | |aCaOODSP|beng|erda|cCaOODSP |
| 043 | |an-cn--- |
| 086 | 1 |aT46-59/2018E-PDF |
| 245 | 00|aSupporting the efficient movement of trucks across Canada : |bsuggested approaches by the task force on trucking harmonization. |
| 264 | 1|a[Ottawa : |bTransport Canada, |c2018] |
| 300 | |a1 online resource (ii, 62 pages) |
| 336 | |atext|btxt|2rdacontent |
| 337 | |acomputer|bc|2rdamedia |
| 338 | |aonline resource|bcf|2rdacarrier |
| 500 | |aTitle from cover. |
| 500 | |aIssued also in French under title: Soutenir le transport efficace par camion au Canada : approaches suggérées par le groupe de travail sur l'harmonisation du camionage. |
| 520 | |a"This report provides an overview of the issues raised by stakeholders, key considerations noted by jurisdictions and suggested approaches to address variances in trucking regulations"--Executive summary. |
| 692 | 07|2gccst|aRegulations |
| 692 | 07|2gccst|aTrucking industry |
| 710 | 1 |aCanada. |bTransport Canada. |
| 775 | 08|tSoutenir le transport efficace par camion au Canada : |w(CaOODSP)9.866414 |
| 856 | 40|qPDF|s1.22 MB|uhttps://publications.gc.ca/collections/collection_2019/tc/T46-59-2018-eng.pdf |
| 986 | |a15407E |